<?xml version='1.0' encoding='UTF-8'?><?xml-stylesheet href='static/style.xsl' type='text/xsl'?><OAI-PMH xmlns="http://www.openarchives.org/OAI/2.0/" xmlns:xsi="http://www.w3.org/2001/XMLSchema-instance" xsi:schemaLocation="http://www.openarchives.org/OAI/2.0/ http://www.openarchives.org/OAI/2.0/OAI-PMH.xsd"><responseDate>2026-05-01T12:14:51Z</responseDate><request verb="GetRecord" identifier="oai:ebiltegia.mondragon.edu:20.500.11984/6888" metadataPrefix="marc">https://ebiltegia.mondragon.edu/oai/request</request><GetRecord><record><header><identifier>oai:ebiltegia.mondragon.edu:20.500.11984/6888</identifier><datestamp>2025-01-30T07:15:29Z</datestamp><setSpec>com_20.500.11984_473</setSpec><setSpec>col_20.500.11984_1072</setSpec></header><metadata><record xmlns="http://www.loc.gov/MARC21/slim" xmlns:dcterms="http://purl.org/dc/terms/" xmlns:xsi="http://www.w3.org/2001/XMLSchema-instance" xmlns:doc="http://www.lyncode.com/xoai" xsi:schemaLocation="http://www.loc.gov/MARC21/slim http://www.loc.gov/standards/marcxml/schema/MARC21slim.xsd">
   <leader>00925njm 22002777a 4500</leader>
   <datafield ind2=" " ind1=" " tag="042">
      <subfield code="a">dc</subfield>
   </datafield>
   <datafield ind2=" " ind1=" " tag="720">
      <subfield code="a">Ortega-Sunsundegi, Igor</subfield>
      <subfield code="e">author</subfield>
   </datafield>
   <datafield ind2=" " ind1=" " tag="720">
      <subfield code="a">Uriarte-Iñurrategi, Xabier</subfield>
      <subfield code="e">author</subfield>
   </datafield>
   <datafield ind2=" " ind1=" " tag="260">
      <subfield code="c">2024-12</subfield>
   </datafield>
   <datafield ind2=" " ind1=" " tag="520">
      <subfield code="a">Si bien el asociacionismo obrero de los inicios de la revolución industrial es reconocido como una de las raíces originales del cooperativismo, su importancia ha sido minusvalorada por la literatura científica. Los avances de la historiografía social respecto al asociacionismo obrero nos permiten reinterpretar su rol en la génesis del cooperativismo. En el presente artículo se observa cómo, junto con las funciones defensivas y asistenciales, las asociaciones obreras eran portadoras de un marco más amplio de aspiraciones sociales. Estas aspiraciones son las que serán recogidas e institucionalizadas en principios y normas por el modelo cooperativo. El estudio, además de identificar el hilo conductor entre el asociacionismo obrero y el modelo cooperativo, permite una mayor comprensión de la genealogía y el sentido filosófico de algunos de los principios y valores que caracterizan al cooperativismo.</subfield>
   </datafield>
   <datafield ind2=" " ind1=" " tag="520">
      <subfield code="a">While scholars, to some extent, do recognize working-class associative action from early in&#xd;
the Industrial Revolution as one of the original roots of the cooperative movement, overall,&#xd;
its importance in this respect has been undervalued in the academic literature. Advances in&#xd;
the social historiography of worker associative activity permit us to reinterpret its role in the&#xd;
genesis of what developed into the cooperative movement. In this article, we observe how&#xd;
working-class associations, in addition to fulfilling defensive and social welfare functions,&#xd;
also served as vehicles for a broader framework of social aspirations. It is these aspirations&#xd;
that will be taken up and institutionalized in the principles and rules of the cooperative&#xd;
model. This study, besides identifying the strands connecting working-class associative initiatives to the cooperative model, also facilitates a more complete understanding of the genealogy and philosophical content of a number of the values and principles that characterize&#xd;
the cooperative movement.</subfield>
   </datafield>
   <datafield ind1="8" ind2=" " tag="024">
      <subfield code="a">1577-4430</subfield>
   </datafield>
   <datafield ind1="8" ind2=" " tag="024">
      <subfield code="a">https://katalogoa.mondragon.edu/janium-bin/janium_login_opac.pl?find&amp;ficha_no=180006</subfield>
   </datafield>
   <datafield ind1="8" ind2=" " tag="024">
      <subfield code="a">https://hdl.handle.net/20.500.11984/6888</subfield>
   </datafield>
   <datafield tag="653" ind2=" " ind1=" ">
      <subfield code="a">Cooperativa</subfield>
   </datafield>
   <datafield tag="653" ind2=" " ind1=" ">
      <subfield code="a">Asociacionismo obrero</subfield>
   </datafield>
   <datafield tag="653" ind2=" " ind1=" ">
      <subfield code="a">Revolución Industrial</subfield>
   </datafield>
   <datafield tag="653" ind2=" " ind1=" ">
      <subfield code="a">Mutualismo</subfield>
   </datafield>
   <datafield tag="653" ind2=" " ind1=" ">
      <subfield code="a">Sociedad de socorros mutuos</subfield>
   </datafield>
   <datafield tag="653" ind2=" " ind1=" ">
      <subfield code="a">Sindicalismo</subfield>
   </datafield>
   <datafield tag="653" ind2=" " ind1=" ">
      <subfield code="a">Historia del cooperativismo</subfield>
   </datafield>
   <datafield tag="653" ind2=" " ind1=" ">
      <subfield code="a">Cooperative</subfield>
   </datafield>
   <datafield tag="653" ind2=" " ind1=" ">
      <subfield code="a">History of cooperativism</subfield>
   </datafield>
   <datafield tag="653" ind2=" " ind1=" ">
      <subfield code="a">Worker associationism</subfield>
   </datafield>
   <datafield tag="653" ind2=" " ind1=" ">
      <subfield code="a">Industrial Revolution</subfield>
   </datafield>
   <datafield tag="653" ind2=" " ind1=" ">
      <subfield code="a">Mutualism</subfield>
   </datafield>
   <datafield tag="653" ind2=" " ind1=" ">
      <subfield code="a">Mutual aid societies</subfield>
   </datafield>
   <datafield tag="653" ind2=" " ind1=" ">
      <subfield code="a">Unions</subfield>
   </datafield>
   <datafield ind2="0" ind1="0" tag="245">
      <subfield code="a">Asociacionismo obrero y génesis del cooperativismo. Una reinterpretación sobre su conexión</subfield>
   </datafield>
</record></metadata></record></GetRecord></OAI-PMH>